Entry Nombre personal
001 - NÚMERO DE CONTROL
- campo de control: 148073
003 - IDENTIFICADOR DE NÚMERO DE CONTROL
- campo de control: OSt
005 - FECHA Y HORA DE LA ÚLTIMA TRANSACCIÓN
- campo de control: 20230222193050.0
008 - ELEMENTOS DE DATO DE LONGITUD-FIJA
- campo de control de longitud fija: 110927 b azzaaaaaa a aaa d
040 ## - FUENTE DE CATALOGACIÓN
- Centro catalogador/agencia de origen: OSt
- Centro/agencia transcriptor: OSt
100 1# - ENCABEZAMIENTO-NOMBRE DE PERSONA
- Nombre de persona: Lepage du Boccage, Marie-Anne
400 1# - TRAZADO DE VÉASE--NOMBRE DE PERSONA
- Nombre de persona: Fiquet du Bocage, Marie Anne
400 1# - TRAZADO DE VÉASE--NOMBRE DE PERSONA
- Nombre de persona: Bocage, Marie Anne du
400 1# - TRAZADO DE VÉASE--NOMBRE DE PERSONA
- Nombre de persona: Bocage, Madame du (Marie Anne)
